El arte ecuatoriano
Guardat en:
| Autor principal: | |
|---|---|
| Format: | Llibre |
| Idioma: | espanyol |
| Publicat: |
Quito
Santo Domingo
1964
|
| Matèries: | |
| Etiquetes: |
Afegir etiqueta
Sense etiquetes, Sigues el primer a etiquetar aquest registre!
|
MARC
| LEADER | 00000nam a2200000 a 4500 | ||
|---|---|---|---|
| 001 | UCP3830 | ||
| 003 | CL-VaPUC | ||
| 008 | 990702e19640000EC |||||||||||||||||spa|d | ||
| 082 | 0 | 4 | |a 986.6 |b VAR |2 21 |
| 100 | 0 | |a Vargas, José María |e author |9 431185 | |
| 245 | 1 | 3 | |a El arte ecuatoriano |
| 300 | |a 284 p | ||
| 942 | |c BK | ||
| 945 | |d 19990702 00:00:00 |a lriquelm | ||
| 260 | |a Quito |b Santo Domingo |c 1964 | ||
| 650 | 0 | |a Arte ecuatoriano |9 321313 | |
| 650 | 7 | |a HISTORIA DEL ARTE SIGLOS 16-20 |2 CL-VaPUC |9 431186 | |
| 650 | 0 | |a Arquitectura quiteña |9 431187 | |
| 651 | 0 | |a Ecuador |9 258378 | |
| 583 | |a last modification |c 20160810 05:45:20 |k Rodrigo Vera | ||
| 999 | |c 281985 |d 281983 | ||
| 952 | |0 0 |1 0 |4 0 |6 986_600000000000000_VAR_1964 |7 0 |8 A |9 323169 |a BIBHIS |b BIBHIS |d 2019-11-20 |i 1363824 |o 986.6 VAR 1964 |p 1363824 |r 2025-01-20 |w 2019-11-20 |y BK |k HIS | ||